000 00901nam a2200253 4500
999 _c8438
_d8438
001 22071
003 BD-DhUAP
005 20240318093450.0
008 141209s2015 cau b 001 0 eng
020 _a9789351500674 (pbk.)
040 _aBD-DhUAP
_bEng
_cBD-DhUAP
_eBD-DhUAP
082 0 0 _a891.4408 RAB
_223
100 1 _aTagore, Rabindranath,
_d1861-1941.
_eauthor.
245 1 0 _aTagore and the feminine :
_ba journey in translations /
_cedited by Malashri Lal.
264 1 _aLos Angeles :
_bSAGE Publications,
_c2015.
300 _axxxviii, 332 pages ;
_c22 cm
504 _aIncludes bibliographical references and index.
600 1 0 _aTagore, Rabindranath,
_d1861-1941
_vTranslations into English.
650 0 _aFeminism in literature.
650 0 _aGender identity in literature.
650 0 _aFeminine beauty (Aesthetics) in literature.
700 1 _aLal, Malashri,
_eeditor.
942 _2ddc
_cBK